00632nam a22002057a 450000500170000001000130001702000220003003500130005203700160006504000120008108200170009310000240011024500590013426000480019327000490024130000240029050000520031465000360036665000240040220170124110146.0 aA-369439 c00.00a8185135347 aA-369439 bCen Lib/Ret aDPLbEN a616.994bSRI aSrivastava, Sumitra aStress personality and cancer /cby Sumitra Srivastava bNational Book OrganisationaNew Delhic1988 bNew DelhiaH-39 Green Park Extensione110016 avi,159p. c22cm(Hb) aIncludes bibliographical references and index  aCancer -- Psychological aspects aStress (Psychology)